[Event "Oberliga NRW 2122"]
[Site "Germany"]
[Date "2022.05.08"]
[Round "9.3"]
[White "De Vreugt, Dennis"]
[Black "Straeter, Timo"]
[Result "1-0"]
[WhiteElo "2383"]
[BlackElo "2309"]
[PlyCount "89"]
[EventDate "2021.10.31"]
[EventType "team-tourn"]
[EventRounds "9"]
[EventCountry "GER"]
[SourceTitle "EXT 2023"]
[Source "ChessBase"]
[SourceDate "2022.10.05"]
[SourceVersion "1"]
[SourceVersionDate "2022.10.05"]
[SourceQuality "1"]
[WhiteTeam "Erkenschwick"]
[BlackTeam "Wattenscheid"]
[WhiteTeamCountry "GER"]
[BlackTeamCountry "GER"]

1. e4 e5 2. Nf3 Nc6 3. Bb5 a6 4. Ba4 d6 5. c3 Bd7 6. 0-0 Nge7 7. d4 Ng6 8. Re1 Be7 9. Nbd2 h6 10. d5 Nb8 11. Bc2 Bg5 12. Nxg5 Qxg5 13. Nc4 Qf6 14. b4 0-0 15. g3 Ne7 16. Qh5 b5 17. Ne3 a5 18. bxa5 Rxa5 19. c4 b4 20. Bd2 c5 21. a3 Rxa3 22. Rxa3 bxa3 23. Ra1 Na6 24. Rxa3 Bc8 25. Ba5 Bd7 26. Bc3 Nb4 27. Ra7 Nxc2 28. Nxc2 Bc8 29. f4 Ng6 30. f5 Nh8 31. Ba5 Kh7 32. Ne3 g6 33. Ng4 Qg7 34. Qh4 gxf5 35. Nf6+ Kg6 36. Nh5 Qg8 37. exf5+ Kxf5 38. Qf6+ Ke4 39. Ng7 Qh7 40. Bc7 Qg6 41. Qf1 Qg5 42. Ra3 Qd2 43. Ba5 Qc2 44. Qe1+ Kd4 45. Rc3 1-0

[Event "Oberliga NRW 1819"]
[Site "Germany"]
[Date "2018.12.09"]
[Round "4.5"]
[White "Maly, Alexey"]
[Black "Straeter, Timo"]
[Result "1-0"]
[WhiteElo "2343"]
[BlackElo "2357"]
[PlyCount "119"]
[EventDate "2018.09.16"]
[EventType "team-tourn"]
[EventRounds "9"]
[EventCountry "GER"]
[SourceTitle "EXT 2020"]
[Source "ChessBase"]
[SourceDate "2019.10.17"]
[SourceVersion "1"]
[SourceVersionDate "2019.10.17"]
[SourceQuality "1"]
[WhiteTeam "Siegburg"]
[BlackTeam "Wattenscheid"]
[WhiteTeamCountry "GER"]
[BlackTeamCountry "GER"]

1. d4 d5 2. c4 c6 3. e3 Nf6 4. Bd3 Bg4 5. Nf3 e6 6. 0-0 Nbd7 7. Nbd2 Bd6 8. Qc2 0-0 9. b3 Bh5 10. Bb2 Qb8 11. h3 Re8 12. Rfe1 a5 13. a4 e5 14. dxe5 Nxe5 15. Nxe5 Bxe5 16. Bxe5 Qxe5 17. cxd5 Qxd5 18. Nc4 Rad8 19. Be2 Bxe2 20. Rxe2 Qc5 21. Rd2 Qb4 22. Rad1 Rxd2 23. Rxd2 h6 24. Nd6 Rd8 25. Rd4 Qa3 26. Nxb7 Rxd4 27. exd4 Qa1+ 28. Kh2 Qxd4 29. Qc5 Qb2 30. Qe3 Nd5 31. Qe8+ Kh7 32. Qxf7 Qxb3 33. Qf5+ Kh8 34. Qc8+ Kh7 35. Qf5+ Kh8 36. Qc8+ Kh7 37. Qxc6 Nc3 38. Nxa5 Qb4 39. Nc4 Qxa4 40. Qxa4 Nxa4 41. Kg3 Nc3 42. Kf4 Kg6 43. Ke5 Ne2 44. f4 h5 45. Nd6 Kh6 46. f5 Kh7 47. h4 Kg8 48. f6 Kf8 49. Kf5 Nd4+ 50. Kg6 gxf6 51. Kxf6 Kg8 52. g3 Kh7 53. Kg5 Ne2 54. Nf5 Nc3 55. Kxh5 Ne4 56. g4 Nf6+ 57. Kg5 Nd5 58. h5 Kg8 59. Kh4 Kh7 60. g5 1-0

[Event "Bundesliga 1314"]
[Site "Germany"]
[Date "2014.02.08"]
[Round "7.6"]
[White "Straeter, Timo"]
[Black "Ftacnik, Lubomir"]
[Result "0-1"]
[WhiteElo "2350"]
[BlackElo "2546"]
[PlyCount "62"]
[EventDate "2013.10.12"]
[EventType "team-tourn"]
[EventRounds "15"]
[EventCountry "GER"]
[SourceTitle "CBM 159"]
[Source "ChessBase"]
[SourceDate "2014.03.17"]
[SourceVersion "1"]
[SourceVersionDate "2014.03.17"]
[SourceQuality "1"]
[WhiteTeam "Wattenscheid"]
[BlackTeam "Hamburger SK"]
[WhiteTeamCountry "GER"]
[BlackTeamCountry "GER"]

1. d4 Nf6 2. Nf3 g6 3. Bg5 Bg7 4. Nbd2 d5 5. c3 0-0 6. e3 Nbd7 7. Be2 b6 8. 0-0 Bb7 9. b4 Re8 10. a4 a5 11. Bh4 e5 12. Nb3 exd4 13. exd4 axb4 14. cxb4 Qe7 15. Bd3 Qxb4 16. Qc2 Ba6 17. Bxa6 Rxa6 18. Bxf6 Nxf6 19. a5 Qc4 20. Qd1 Ne4 21. Re1 Raa8 22. Nbd2 Nxd2 23. Qxd2 Rxe1+ 24. Rxe1 bxa5 25. Qf4 c5 26. h4 Bxd4 27. Ng5 f6 28. Nxh7 Qc3 29. Rc1 Qb2 30. Qh6 Qxf2+ 31. Kh1 Qf5 0-1

[Event "Oberliga NRW 1314"]
[Site "Germany"]
[Date "2013.09.15"]
[Round "1.3"]
[White "Straeter, Timo"]
[Black "Jens, Jelmer"]
[Result "1/2-1/2"]
[WhiteElo "2320"]
[BlackElo "2376"]
[PlyCount "73"]
[EventDate "2013.09.15"]
[EventType "team-tourn"]
[EventRounds "9"]
[EventCountry "GER"]
[SourceTitle "EXT 2015"]
[Source "ChessBase"]
[SourceDate "2014.11.20"]
[SourceVersion "1"]
[SourceVersionDate "2014.11.20"]
[SourceQuality "1"]
[WhiteTeam "Wattenscheid II"]
[BlackTeam "Erkenschwick"]
[WhiteTeamCountry "GER"]
[BlackTeamCountry "GER"]

1. d4 Nf6 2. Nf3 g6 3. Bg5 Bg7 4. Nbd2 d6 5. c3 0-0 6. e4 Nc6 7. Bb5 Bd7 8. 0-0 h6 9. Bh4 a6 10. Ba4 b5 11. Bb3 e5 12. dxe5 Nxe5 13. Nxe5 dxe5 14. Qf3 Qe7 15. Rfe1 Be6 16. Nf1 a5 17. Bxe6 Qxe6 18. Ne3 c6 19. a4 Rfb8 20. axb5 Rxb5 21. Bxf6 Bxf6 22. Qe2 Bd8 23. Nc4 Rab8 24. Red1 Rc5 25. Ra4 Bc7 26. g3 Kg7 27. Kg2 Rd8 28. Rxd8 Bxd8 29. Qd3 Bc7 30. h4 h5 31. b3 Rb5 32. Qc2 Qg4 33. Ra1 Qe6 34. Ra4 Qg4 35. Ra3 Qd7 36. Ra1 Qe6 37. Ra4 1/2-1/2

[Event "Bundesliga 1213"]
[Site "Germany"]
[Date "2013.04.07"]
[Round "15.8"]
[White "Straeter, Timo"]
[Black "Saltaev, Mihail"]
[Result "1/2-1/2"]
[WhiteElo "2360"]
[BlackElo "2479"]
[PlyCount "84"]
[EventDate "2012.10.20"]
[EventType "team-tourn"]
[EventRounds "15"]
[EventCountry "GER"]
[SourceTitle "CBM 154"]
[Source "ChessBase"]
[SourceDate "2013.05.15"]
[SourceVersion "1"]
[SourceVersionDate "2013.05.15"]
[SourceQuality "1"]
[WhiteTeam "Wattenscheid"]
[BlackTeam "Muelheim"]
[WhiteTeamCountry "GER"]
[BlackTeamCountry "GER"]

1. d4 Nf6 2. c4 d6 3. Nc3 Nbd7 4. Nf3 c6 5. Bg5 h6 6. Bh4 g5 7. Bg3 Nh5 8. e3 Bg7 9. Qc2 Ndf6 10. Bd3 Nxg3 11. hxg3 Bd7 12. 0-0 e6 13. d5 0-0 14. Rad1 Rc8 15. dxe6 fxe6 16. c5 d5 17. Ne5 Be8 18. Bg6 Nd7 19. Nxd7 Bxd7 20. Qa4 b5 21. cxb6 Qxb6 22. Rd2 Rf6 23. Bb1 Be8 24. Qd1 Rb8 25. Ne2 e5 26. g4 e4 27. Ng3 Bg6 28. Nh5 Rf7 29. Nxg7 Kxg7 30. Qc1 Rf6 31. Qc3 Qb4 32. Qc1 Qb6 33. Qc3 Qb4 34. Qc1 Rbf8 35. Rd4 Qe7 36. Qc3 R8f7 37. Bc2 Qe5 38. Ra4 Qxc3 39. bxc3 Rb7 40. Bb3 Rd6 41. Rd1 Kf6 42. c4 Ke5 1/2-1/2

[Event "Oberliga NRW 1213"]
[Site "Germany"]
[Date "2012.11.18"]
[Round "3.4"]
[White "Villwock, Martin"]
[Black "Straeter, Timo"]
[Result "0-1"]
[WhiteElo "2141"]
[BlackElo "2350"]
[PlyCount "60"]
[EventDate "2012.09.16"]
[EventType "team-tourn"]
[EventRounds "9"]
[EventCountry "GER"]
[SourceTitle "EXT 2017"]
[Source "ChessBase"]
[SourceDate "2016.10.25"]
[SourceVersion "1"]
[SourceVersionDate "2016.10.25"]
[SourceQuality "1"]
[WhiteTeam "Katernberg II"]
[BlackTeam "Bochum Wattenscheid II"]
[WhiteTeamCountry "GER"]
[BlackTeamCountry "GER"]

1. e4 e5 2. Nf3 Nc6 3. Bc4 Bc5 4. b4 Bxb4 5. c3 Be7 6. d4 Na5 7. Be2 exd4 8. Qxd4 d6 9. Qxg7 Bf6 10. Qg3 Qe7 11. 0-0 Bd7 12. Nd4 0-0-0 13. Nd2 h5 14. Qd3 Nh6 15. Rb1 Rdg8 16. f4 a6 17. Ba3 c5 18. e5 dxe5 19. Ne4 exd4 20. cxd4 Bf5 21. Bf3 Rd8 22. Bxc5 Qxc5 23. Rfc1 Bxd4+ 24. Qxd4 Rxd4 25. Nxc5 Bxb1 26. Nxb7+ Nc4 27. Rxb1 Nd2 28. Rc1+ Kb8 29. Na5 Nxf3+ 30. gxf3 Rd2 0-1

[Event "Oberliga NRW 1213"]
[Site "Germany"]
[Date "2012.10.21"]
[Round "2.4"]
[White "Straeter, Timo"]
[Black "Van Beek, Alexander"]
[Result "0-1"]
[WhiteElo "2350"]
[BlackElo "2261"]
[PlyCount "92"]
[EventDate "2012.09.16"]
[EventType "team-tourn"]
[EventRounds "9"]
[EventCountry "GER"]
[SourceTitle "EXT 2017"]
[Source "ChessBase"]
[SourceDate "2016.10.25"]
[SourceVersion "1"]
[SourceVersionDate "2016.10.25"]
[SourceQuality "1"]
[WhiteTeam "Bochum Wattenscheid II"]
[BlackTeam "Erkenschwick"]
[WhiteTeamCountry "GER"]
[BlackTeamCountry "GER"]

1. d4 d5 2. c4 e6 3. Nf3 Nf6 4. e3 Be7 5. Bd3 0-0 6. 0-0 dxc4 7. Bxc4 b6 8. Qe2 Bb7 9. Nc3 c5 10. dxc5 Bxc5 11. e4 Nbd7 12. Bf4 Nh5 13. Bg5 Qc7 14. Nb5 Qb8 15. Rad1 Ne5 16. Bb3 Nxf3+ 17. Qxf3 Qe5 18. Qxh5 h6 19. Nc3 Qxg5 20. Qe2 Rfd8 21. Na4 Bd4 22. Bc2 Qa5 23. Qd2 Qxd2 24. Rxd2 Rac8 25. Nc3 Bxc3 26. Rxd8+ Rxd8 27. bxc3 Rc8 28. f3 Rxc3 29. Bb3 Kf8 30. Rd1 Ke7 31. e5 g5 32. h4 gxh4 33. Kh2 Rc5 34. Re1 b5 35. Kh3 a5 36. Re2 a4 37. Bc2 Bd5 38. Bd3 Bc4 39. Rc2 Kd7 40. Kxh4 Kc6 41. Be4+ Bd5 42. Bxd5+ Kxd5 43. Re2 b4 44. Kh5 b3 45. axb3 axb3 46. Re1 b2 0-1

[Event "Oberliga NRW 1112"]
[Site "Germany"]
[Date "2012.04.29"]
[Round "9.3"]
[White "Bosboom, Manuel"]
[Black "Straeter, Timo"]
[Result "0-1"]
[WhiteElo "2374"]
[BlackElo "2350"]
[PlyCount "88"]
[EventDate "2011.09.18"]
[EventType "team-tourn"]
[EventRounds "9"]
[EventCountry "GER"]
[SourceTitle "EXT 2015"]
[Source "ChessBase"]
[SourceDate "2014.11.20"]
[SourceVersion "1"]
[SourceVersionDate "2014.11.20"]
[SourceQuality "1"]
[WhiteTeam "Muenster SK"]
[BlackTeam "Wattenscheid II"]
[WhiteTeamCountry "GER"]
[BlackTeamCountry "GER"]

1. c4 e5 2. a3 Nf6 3. d3 c6 4. Nf3 d6 5. Nbd2 g6 6. b3 Bg7 7. Bb2 0-0 8. Qc2 Nbd7 9. e3 Re8 10. Be2 a5 11. 0-0 Qe7 12. Rfd1 Nh5 13. g3 f5 14. Nh4 Ndf6 15. Ndf3 Ng4 16. Rd2 Bd7 17. Re1 Rf8 18. Bd1 c5 19. d4 e4 20. dxc5 dxc5 21. Bxg7 Nxg7 22. Ng5 Ne5 23. f4 Nd3 24. Rf1 a4 25. Ng2 axb3 26. Qxb3 Ne6 27. h4 Ba4 28. Qa2 Rfd8 29. Be2 Ra6 30. Kh2 Rb6 31. Rb1 Nxg5 32. fxg5 Rbd6 33. Bxd3 exd3 34. Re1 Qe5 35. Nf4 Qc3 36. Nd5 Rxd5 37. cxd5 Bb3 38. Qb2 Qxb2 39. Rxb2 c4 40. e4 fxe4 41. Rxe4 c3 42. Rxb3 d2 43. Rxb7 d1Q 44. Ree7 Qd2+ 0-1

[Event "Oberliga NRW 1112"]
[Site "Germany"]
[Date "2011.12.04"]
[Round "4.4"]
[White "Fischdick, Gisela"]
[Black "Straeter, Timo"]
[Result "0-1"]
[WhiteElo "2167"]
[BlackElo "2350"]
[PlyCount "108"]
[EventDate "2011.09.18"]
[EventType "team-tourn"]
[EventRounds "9"]
[EventCountry "GER"]
[SourceTitle "EXT 2015"]
[Source "ChessBase"]
[SourceDate "2014.11.20"]
[SourceVersion "1"]
[SourceVersionDate "2014.11.20"]
[SourceQuality "1"]
[WhiteTeam "Gerresheim"]
[BlackTeam "Wattenscheid II"]
[WhiteTeamCountry "GER"]
[BlackTeamCountry "GER"]

1. d4 d5 2. Nf3 Nf6 3. c3 e6 4. Bf4 c5 5. e3 Nc6 6. Nbd2 Bd6 7. Bg3 0-0 8. Be2 Qe7 9. 0-0 Bxg3 10. hxg3 e5 11. Nxe5 Nxe5 12. dxe5 Qxe5 13. Qa4 Re8 14. Rad1 Bd7 15. Bb5 Bxb5 16. Qxb5 b6 17. Qa4 Qh5 18. Qh4 Qf5 19. Nf3 Re4 20. Qh3 Qc8 21. Qxc8+ Rxc8 22. Rd2 h6 23. Rfd1 b5 24. Kf1 a5 25. Rc2 Ra4 26. b3 Re4 27. Nd2 Re6 28. Nf3 Kf8 29. Rb1 g6 30. Rd1 Rb6 31. Rb1 Ra8 32. Ke2 Rc6 33. Kf1 Rac8 34. a4 b4 35. c4 dxc4 36. Rxc4 Nd5 37. Ne5 R6c7 38. Rd1 Nb6 39. Rf4 c4 40. bxc4 Nxc4 41. Nxc4 Rxc4 42. Rf6 R8c6 43. Rxc6 Rxc6 44. Ke2 Rc2+ 45. Rd2 Rxd2+ 46. Kxd2 h5 47. Kd3 Ke7 48. Kd4 Kd6 49. Kc4 Ke5 50. Kd3 Kd5 51. e4+ Kc5 52. f4 b3 53. Kc3 b2 54. Kxb2 Kb4 0-1

[Event "Bundesliga 1011"]
[Site "Germany"]
[Date "2011.04.09"]
[Round "14.8"]
[White "Wittenberg, Andreas"]
[Black "Straeter, Timo"]
[Result "1/2-1/2"]
[WhiteElo "2189"]
[BlackElo "2325"]
[PlyCount "89"]
[EventDate "2010.10.09"]
[EventType "team-tourn"]
[EventRounds "15"]
[EventCountry "GER"]
[SourceTitle "EXT 2012"]
[Source "ChessBase"]
[SourceDate "2011.11.24"]
[SourceVersion "1"]
[SourceVersionDate "2011.11.24"]
[SourceQuality "1"]
[WhiteTeam "Muelheim Nord"]
[BlackTeam "Wattenscheid"]
[WhiteTeamCountry "GER"]
[BlackTeamCountry "GER"]

1. d4 Nf6 2. Nf3 e6 3. g3 c5 4. Bg2 d5 5. 0-0 Nc6 6. a3 cxd4 7. Nxd4 Be7 8. c4 0-0 9. cxd5 exd5 10. Nc3 Re8 11. b4 Bg4 12. h3 Bh5 13. Bb2 Bf8 14. g4 Bg6 15. e3 Ne5 16. Qb3 Nd3 17. Rad1 Nxb2 18. Qxb2 h5 19. Nde2 hxg4 20. Nxd5 Nxd5 21. Rxd5 Qb6 22. hxg4 a5 23. Qd4 Qe6 24. Ng3 axb4 25. axb4 Rac8 26. Rd1 Bc2 27. Rc1 Bb3 28. Rxc8 Rxc8 29. Re5 Rc1+ 30. Kh2 Qf6 31. Re8 Qh4+ 32. Bh3 Ba4 33. Ra8 Rc2 34. Qxg7+ Kxg7 35. Nf5+ Kf6 36. Nxh4 Bd6+ 37. Kg2 Bc6+ 38. Nf3 Bxb4 39. g5+ Ke7 40. Bf5 Rb2 41. e4 Bc5 42. Ne5 Rxf2+ 43. Kg3 Rb2 44. Nxc6+ bxc6 45. Rc8 1/2-1/2

[Event "Oberliga NRW 1011"]
[Site "Germany"]
[Date "2011.02.20"]
[Round "7.4"]
[White "Straeter, Timo"]
[Black "Molinaroli, Martin"]
[Result "0-1"]
[WhiteElo "2325"]
[BlackElo "2235"]
[PlyCount "108"]
[EventDate "2010.09.26"]
[EventType "team-tourn"]
[EventRounds "9"]
[EventCountry "GER"]
[SourceTitle "EXT 2012"]
[Source "ChessBase"]
[SourceDate "2011.11.24"]
[SourceVersion "1"]
[SourceVersionDate "2011.11.24"]
[SourceQuality "1"]
[WhiteTeam "Wattenscheid II"]
[BlackTeam "Muenster"]
[WhiteTeamCountry "GER"]
[BlackTeamCountry "GER"]

1. Nf3 g6 2. d4 Bg7 3. c4 f5 4. h4 Nf6 5. Nc3 d6 6. Bf4 Nbd7 7. Qc2 0-0 8. 0-0-0 c6 9. Ng5 Nb6 10. e3 h6 11. Nf3 Be6 12. Nd2 d5 13. c5 Nbd7 14. Nb3 Bf7 15. Be2 Ng4 16. Bxg4 fxg4 17. f3 e5 18. dxe5 Qe7 19. Rde1 Nxe5 20. fxg4 Rfe8 21. Nd4 Nc4 22. h5 g5 23. Bd6 Nxd6 24. cxd6 Qxd6 25. Nf5 Qe5 26. Rhf1 Be6 27. Re2 Bxf5 28. gxf5 Bf6 29. Kb1 Rad8 30. Qb3 Kh8 31. Qa4 a6 32. Qc2 Re7 33. g4 Qg3 34. Rg2 Qxe3 35. Re2 Qc5 36. Rxe7 Qxe7 37. Na4 Qb4 38. Nc5 Re8 39. Ne6 Qxg4 40. Qb3 Qe2 41. Rf3 Qe4+ 42. Qd3 Qe5 43. Qd2 Re7 44. a3 Rf7 45. Ka1 Bg7 46. Qc2 Qe4 47. Qf2 Rf6 48. Nxg7 Kxg7 49. Qg3 Rf7 50. f6+ Kh7 51. Rf1 d4 52. Qf2 d3 53. Re1 Qf4 54. Rf1 Rxf6 0-1

[Event "Rilton Cup 40th"]
[Site "Stockholm"]
[Date "2010.12.28"]
[Round "2"]
[White "Straeter, Timo"]
[Black "Ulybin, Mikhail"]
[Result "1-0"]
[WhiteElo "2325"]
[BlackElo "2552"]
[PlyCount "80"]
[EventDate "2010.12.27"]
[EventType "swiss"]
[EventRounds "9"]
[EventCountry "SWE"]
[SourceTitle "CBM 140 Extra"]
[Source "ChessBase"]
[SourceDate "2011.03.01"]
[SourceVersion "1"]
[SourceVersionDate "2011.03.01"]
[SourceQuality "1"]

1. Nf3 d5 2. d4 c6 3. Bf4 Nf6 4. e3 Bf5 5. Be2 e6 6. 0-0 Bd6 7. Ne5 h6 8. Nd2 0-0 9. c4 Bc7 10. Qb3 Qc8 11. Rac1 Rd8 12. Bg3 Ba5 13. Ndf3 Ne4 14. Qa3 Bc7 15. b4 Nxg3 16. hxg3 Nd7 17. cxd5 cxd5 18. Bd3 Bxd3 19. Qxd3 Qb8 20. Nxd7 Rxd7 21. Rc2 Bd6 22. Rfc1 a6 23. a3 g6 24. g4 Kg7 25. g3 Rc7 26. Kg2 Rxc2 27. Rxc2 a5 28. Qb5 axb4 29. axb4 Ra6 30. Qd7 Rc6 31. Rxc6 bxc6 32. Qxc6 Qxb4 33. Qd7 Qb8 34. Qc6 Qc7 35. Qe8 Qb8 36. Qc6 Qc7 37. Qe8 Qc2 38. Qd7 Bc7 39. g5 h5 40. Qe7 Qc4 1-0

[Event "Oberliga NRW 1011"]
[Site "Germany"]
[Date "2010.09.26"]
[Round "1.4"]
[White "Coenen, Michael"]
[Black "Straeter, Timo"]
[Result "0-1"]
[WhiteElo "2325"]
[BlackElo "2325"]
[PlyCount "62"]
[EventDate "2010.09.26"]
[EventType "team-tourn"]
[EventRounds "9"]
[EventCountry "GER"]
[SourceTitle "EXT 2012"]
[Source "ChessBase"]
[SourceDate "2011.11.24"]
[SourceVersion "1"]
[SourceVersionDate "2011.11.24"]
[SourceQuality "1"]
[WhiteTeam "Koeln Porz II"]
[BlackTeam "Wattenscheid II"]
[WhiteTeamCountry "GER"]
[BlackTeamCountry "GER"]

1. e4 e5 2. Nf3 Nc6 3. Bb5 a6 4. Bxc6 dxc6 5. 0-0 Qe7 6. d4 exd4 7. Nxd4 Bd7 8. Nc3 0-0-0 9. Qe2 g6 10. Be3 Bg7 11. Nb3 Kb8 12. Rad1 Nf6 13. Na4 Bc8 14. Rxd8 Rxd8 15. Na5 Ng4 16. Bc5 Qe5 17. g3 Qh5 18. f3 Bd4+ 19. Bxd4 Qxa5 20. Nc3 Rxd4 21. fxg4 Be6 22. Qf2 Rd7 23. a4 Bxg4 24. Qf6 h5 25. Kg2 Be6 26. Rf2 Ka7 27. b3 Rd6 28. Qf3 g5 29. Qe3+ b6 30. Ne2 Qe1 31. Qf3 Rd1 0-1